| 000 | 01285cam a22003497a 4500 | ||
|---|---|---|---|
| 003 | CHAP | ||
| 005 | 20220329141610.0 | ||
| 008 | 971013s1958 r 00010 spa d | ||
| 010 | _a70780 | ||
| 011 | _a71752 | ||
| 035 | _a81306 | ||
| 040 | _cCHAP | ||
| 082 |
_a636.39 _bA37 |
||
| 100 | 0 | 0 |
_aAgraz García, Abraham Angel. _91159 |
| 245 | 1 | 3 | _aLa cabra lechera, fuente de riqueza para el campesino |
| 260 |
_aMéxico, D.F. : _bB. Trucco, _c1958 |
||
| 300 |
_a96 p. _b: ilus. |
||
| 590 |
_aBATCH-UPD _b10 _c20130109 _lUCH01 _h2359 |
||
| 590 |
_aBATCH-UPD _b10 _c20130110 _lUCH01 _h2103 |
||
| 590 |
_aBATCH-UPD _b10 _c20130409 _lUCH01 _h1933 |
||
| 590 |
_aBATCH-UPD _b10 _c20130410 _lUCH01 _h1416 |
||
| 590 |
_aBATCH-UPD _b10 _c20130913 _lUCH01 _h1956 |
||
| 590 |
_aCONVERSION _b10 _c20130109 _lUCH01 _h1339 |
||
| 650 | 1 | 4 |
_aGanado cabrío. _944988 |
| 901 | _aBK | ||
| 942 | _cLIBRO | ||
| 949 |
_a636.39 A37 _bBC _cBPA _d33724000136529 _eBPA _h24590 _i81306 _mD. _si |
||
| 949 |
_a636.39 A37 _bBC _cLIBRO _d-34566 _eLIBRO _fc.3 _h15086 _i81306 _mD. _si |
||
| 949 |
_a636.39 A37 _bBC _cLIBRO _d-34567 _eLIBRO _fc.4 _h42881 _i81306 _mD. _si |
||
| 949 |
_a636.39 A37 _bBC _cLIBRO _d-34568 _eLIBRO _fc.5 _h51554 _i81306 _mD. Ing. Acosta _si |
||
| 949 |
_a636.39 A37 _bBC _cLIBRO _d33724000927968 _eLIBRO _fc.2 _h14772 _i81306 _mD. _si |
||
| 999 |
_c70780 _d70780 |
||